000
00331nam a22001337a 4500
020
_a
978-81-8488-497-5
041
_a
ENG
100
_a
Desai.V
245
_a
The Dynamics of Entrepreneurial Development and Management
260
_a
Mumbai
_b
Himalaya Publishing House
_c
2019
300
_a
744
650
_a
Economic
856
_u
English
999
_c
49
_d
49